Hỏi đáp môi trường và sinh thái

שמור ב:
מידע ביבליוגרפי
מחבר ראשי: Phan Nguyên Hồng
פורמט: ספר
שפה:Undetermined
יצא לאור: Hà Nội Giáo Dục 2001
נושאים:
תגים: הוספת תג
אין תגיות, היה/י הראשונ/ה לתייג את הרשומה!
Thư viện lưu trữ: Trung tâm Học liệu Trường Đại học Cần Thơ
LEADER 00544nam a2200169Ia 4500
001 CTU_47468
008 210402s9999 xx 000 0 und d
082 |a 577.2 
082 |b H455 
100 |a Phan Nguyên Hồng 
245 0 |a Hỏi đáp môi trường và sinh thái 
245 0 |c Phan Nguyên Hồng, Nguyễn Phương Nga, Trần Thị Thu Hương 
260 |a Hà Nội 
260 |b Giáo Dục 
260 |c 2001 
650 |a environmental ecology 
980 |a Trung tâm Học liệu Trường Đại học Cần Thơ